Central Library and Information Centre
Sibsagar Girls' College, Sivasagar : Assam

HIGHER ALGEBRA (Record no. 28223)

MARC details
000 -LEADER
fixed length control field 00676cam a2200205ua 4500
001 - CONTROL NUMBER
control field 24976
008 - FIXED-LENGTH DATA ELEMENTS--GENERAL INFORMATION
fixed length control field 190906n II |||gr||||Z||||||eng
041 ## - LANGUAGE CODE
Language code of text/sound track or separate title eng
082 ## - DEWEY DECIMAL CLASSIFICATION NUMBER
Classification number 512.5
-- 512
-- 512
245 ## - TITLE STATEMENT
Title HIGHER ALGEBRA
Medium Textual Documents
250 ## - EDITION STATEMENT
Edition statement REP.
260 ## - PUBLICATION, DISTRIBUTION, ETC.
Place of publication, distribution, etc. GHY:
Name of publisher, distributor, etc. NCBA /GHY,
Date of publication, distribution, etc. 2015.
300 ## - PHYSICAL DESCRIPTION
Extent 594.
653 ## - INDEX TERM--UNCONTROLLED
Uncontrolled term Algebra
700 ## - ADDED ENTRY--PERSONAL NAME
Personal name GHOSH,RAM KRISHNA&, MAITY KANTISH CH.,
Relator term AUTHOR.,

No items available.



Sibsagar Girl's College © 2020. All rights reserved.
Powered by Koha.
Maintained by Abhijit Borpuzari.